000 00469nam a2200181Ia 4500
005 20250508152246.0
008 008 250505s9999 xx 000 0 eng d
037 _aTextual
040 _aFEDL
_beng
_cFEDL
041 _aeng
_2eng
084 _a821.71, REA
_qFEDL
100 _aRead Herbert
245 0 _aWordsworth
260 _aLondon, UK
_bFaber and Faber Limited
300 _a194p.
942 _cTEXL
_h821.71, REA
999 _c1335343
_d1335343